000 00445nam a22001697a 4500
003 OSt
005 20260202081547.0
008 260202b |||||||| |||| 00| 0 eng d
020 _a9781401398033
040 _aDWCL-Main Lib
_cOC
082 _aFic. A339t 2003
100 _aAlbom, Mitch
245 _aThe five people you meet in heaven
260 _aNew York :
_b Hyperion,
_cc2003
300 _a196 pages. ;
_c21 cm.
942 _2ddc
_cFIC.
_mFic.
_n0
999 _c8133
_d8133